| 000 | 01136cam a2200337 a 4500 | ||
|---|---|---|---|
| 001 | 11767337 | ||
| 003 | Nust | ||
| 005 | 20220829143714.0 | ||
| 008 | 990719s1999 nyuab 000 1 eng | ||
| 010 | _a 99039883 | ||
| 020 |
_a9780140287967 _cRs. 500 |
||
| 035 | _a(DLC) 99039883 | ||
| 038 | _aArshad | ||
| 040 |
_aDLC _cDLC _dDLC |
||
| 050 | 0 | 0 |
_aPS3553.U75 _bA94 1999 |
| 082 | 0 | 0 |
_a823 _bCUS |
| 100 | 1 |
_aCussler, Clive. _912104 |
|
| 245 | 1 | 0 |
_aAtlantis found / _cby Clive Cussler. |
| 260 |
_aNew York : _bPutnam, _c1999. |
||
| 300 |
_a760 p. : _bill., maps ; _c24 cm. |
||
| 600 | 1 | 0 |
_aPitt, Dirk _c(Fictitious character) _vFiction. _912112 |
| 650 | 0 |
_aAtlantis (Legendary place) _vFiction. _912149 |
|
| 650 | 0 |
_aGeographical myths _vFiction. _912150 |
|
| 650 | 0 |
_aLost continents _vFiction. _912151 |
|
| 655 | 7 |
_aAdventure stories. _2gsafd _96723 |
|
| 655 | 7 |
_aFantasy fiction. _2gsafd _91087 |
|
| 906 |
_a7 _bcbc _corignew _d1 _eocip _f19 _gy-gencatlg |
||
| 942 |
_2ddc _cBK |
||
| 999 |
_c174476 _d174476 |
||